Bordering Countries with the Greatest Combined Population Density - Statistics

General Stats
  • This quiz has been taken 3,198 times
  • The average score is 18 of 25
Answer Stats
Country % Correct
India
97%
Bangladesh
95%
Pakistan
94%
Nepal
91%
Germany
88%
Myanmar
88%
Bhutan
87%
Netherlands
87%
Belgium
86%
Luxembourg
85%
Denmark
82%
Switzerland
81%
North Korea
69%
South Korea
69%
United Kingdom
68%
Ireland
66%
Vietnam
62%
Cambodia
60%
Dominican Republic
60%
Haiti
60%
Israel
58%
Lebanon
56%
Rwanda
52%
Burundi
51%
Uganda
51%
No matching quizzes found
Score Distribution
Percent of People with Each Score
Percentile by Number Answered
Your Score History
You have not taken this quiz